20 SAMPLE PAPERS IN PHYSICS XII (Record no. 11193)

MARC details
000 -LEADER
fixed length control field 00269nam a22000977a 4500
008 - FIXED-LENGTH DATA ELEMENTS--GENERAL INFORMATION
fixed length control field 181009b ||||| |||| 00| 0 eng d
020 ## - INTERNATIONAL STANDARD BOOK NUMBER
International Standard Book Number 9788178558035
100 ## - MAIN ENTRY--PERSONAL NAME
Personal name SHARMA R P
9 (RLIN) 5091
245 ## - TITLE STATEMENT
Title 20 SAMPLE PAPERS IN PHYSICS XII
260 ## - PUBLICATION, DISTRIBUTION, ETC. (IMPRINT)
Place of publication, distribution, etc. NEW DELHI
Name of publisher, distributor, etc. ARYA PUBLICATION
Date of publication, distribution, etc. 2018
Holdings
Withdrawn status Lost status Source of classification or shelving scheme Damaged status Koha normalized classification for sorting Not for loan Home library Current library Shelving location Date acquired Total Checkouts Full call number Barcode Date last seen Price effective from Koha item type
    Dewey Decimal Classification   SHA_530_000000000000000   Good Samaritan School Library Good Samaritan School Library Physics 10/09/2018   SHA530 SHA15100 10/09/2018 10/09/2018 BOOK

Powered by Koha